书目信息 |
| 题名: |
伦勃朗
|
|
| 作者: | 张晓叶 编 | |
| 分册: | ||
| 出版信息: | 长春 吉林美术出版社 2011.06 |
|
| 页数: | 357页 | |
| 开本: | 29cm | |
| 丛书名: | ||
| 单 册: | ||
| 中图分类: | J233(563) | |
| 科图分类: | ||
| 主题词: | 油画--作品集--荷兰--近代 , 油画 | |
| 电子资源: | ||
| ISBN: | 978-7-5386-5553-7 | |
| 000 | 00812nam0 2200253 450 | |
| 001 | 010700107528 | |
| 005 | 20140612094152.07 | |
| 010 | @a978-7-5386-5553-7@dCNY180.00 | |
| 100 | @a20110715d2011 em y0chiy50 ea | |
| 101 | 0 | @achi |
| 102 | @aCN@b220000 | |
| 105 | @aaf z 000yy | |
| 106 | @ar | |
| 200 | 1 | @a伦勃朗@9lun bo lang@dRembrandt@e1606-1669@f张晓叶编@zeng |
| 210 | @a长春@c吉林美术出版社@d2011.06 | |
| 215 | @a357页@c图,照片,图版(1页)@d29cm | |
| 330 | @a本书收录的作品包括:帕拉梅德斯在阿伽门农面前、圣史蒂芬的殉教、演奏者们、巴兰的驴子、托比责怪安娜偷小羊等。 | |
| 510 | 1 | @aRembrandt@zeng |
| 606 | 0 | @a油画@x作品集@y荷兰@z近代 |
| 606 | 0 | @a油画 |
| 690 | @aJ233(563)@v4 | |
| 701 | 0 | @a张晓叶@9zhang xiao ye@4编 |
| 801 | 0 | @aCN@bRENTIAN@c20110715 |
| 905 | @b548626-27@dJ233(563)@e100@f2 | |
| 伦勃朗=Rembrandt:1606-1669/张晓叶编.-长春:吉林美术出版社,2011.06 |
| 357页:图,照片,图版(1页);29cm |
| ISBN 978-7-5386-5553-7:CNY180.00 |
| 本书收录的作品包括:帕拉梅德斯在阿伽门农面前、圣史蒂芬的殉教、演奏者们、巴兰的驴子、托比责怪安娜偷小羊等。 |
| ● |
| 相关链接 |
|
|
|
|
正题名:伦勃朗
索取号:J233(563)/100
 
预约/预借
| 序号 | 登录号 | 条形码 | 馆藏地/架位号 | 状态 | 备注 |
| 1 | 548626 | 205486268 | 第一样本阅览室/ [索取号:J233(563)/100] | 在馆 | |
| 2 | 548627 | 205486277 | 第一借阅区/ [索取号:J233(563)/100] | 在馆 |